000 01395nam a2200289 i 4500
003 DO-SdBNP
005 20250219134110.0
007 ta
008 221101e2022 dr aod|gr|||| 001 edspa d
040 _aDO-SdBNP
_bspa
_cBNPHU
_erda
082 4 _aRD863.44
_bD948p
_222
100 1 _aDurán Ureña, Miguelángel ,
_eautor
_4aut.
_977977
245 1 3 _aLa prosa poética en los cuentos de Juan Bosch /
_cMiguelángel Durán Ureña
264 1 _aSanto Domingo :
_bEditora Santuario,
_c2022.
300 _a196 páginas :
_bilustraciones, fotografías, gráficos ;
_c23 cm.
336 _atexto
_btxt
_2rdacontent
337 _asin mediación
_bn
_2rdamedia
338 _avolumen
_bnc
_2rdacarrier
500 _aIncluye datos biográficos del autor en las solapas
500 _aIncluye referencias bibliográficas y notas al pie de las páginas.
505 _aSemblanza literaria de Juan Bosch--
_tA modo de presentación--
_gCapítulo 1--
_tCuentos escritos antes del exilio--
_gCapítulo 2--
_tCuentos escritos en el exilio--
_gCapítulo 3--
_tMas cuentos escritos en el exilio.--
_gCapítulo 4--
_tMas cuentos todavía--
_tApéndice--
_tconclusión--
_tbibliografía--
_tAnexos.-
_tResumen en español e inglés.
590 _aInventariado 2022 / MF
650 4 _aCuentos dominicanos
_980984
650 4 _920488
_aLiteratura dominicana
910 _aMFeliz/Validado. Control de calidad MFF
942 _2ddc
_cLBS1
999 _c52699
_d52699